000 00589nam a2200181Ia 4500
008 151018s9999 xx 000 0 und d
082 _bRBASDV36663
_a891.462
100 _aमदन जगन्नाथ राजवाडकर
245 _aउद्धार
250 _b1
260 _bनिंबकर आणि मं
_c1985
300 _a76
600 _aमदन जगन्नाथ राजवाडकर
630 _aउद्धार
700 _aमदन जगन्नाथ राजवाडकर
730 _aउद्धार
942 _cBOOK
999 _c1036110
_d1036107